| 000 | 00830nam a22002535a 4500 | ||
|---|---|---|---|
| 005 | 20151005135028.0 | ||
| 008 | 140318t2013 nyua frb 001 0 eng d | ||
| 020 | _a9780077148249 | ||
| 020 | _a007714824X | ||
| 040 |
_aEG-ScBUE _beng _dEG-ScBUE |
||
| 082 | 0 | 4 |
_a332.6 _bBOD _222 |
| 100 | 1 |
_aBodie, Zvi. _99024 |
|
| 245 | 1 | 0 |
_aEssentials of investments / _cZvi Bodie, Alex Kane, Alan J. Marcus. |
| 250 | _a9th ed., Global ed. | ||
| 260 |
_aNew York : _bMcGraw-Hill Education / Irwin, _cc.2013. |
||
| 300 |
_a1 v. (various pagings) : _bill. (col.) ; _c29 cm. |
||
| 504 | _aIncludes bibliographical references and index. | ||
| 650 | 7 |
_aInvestments. _2BUEsh _99026 |
|
| 651 | _2BUEsh | ||
| 653 |
_bBUSADM _cMarch2014 _cJune2015 _cSeptember2015 |
||
| 700 | 1 |
_aKane, Alex. _99027 |
|
| 700 | 1 |
_aMarcus, Alan J. _99028 |
|
| 942 | _2ddc | ||
| 999 |
_c18122 _d18094 |
||